<?xml version="1.0" encoding="UTF-8"?>
<marc:record xmlns:marc="http://www.loc.gov/MARC21/slim">
   <marc:leader>00000nam a2200000 a 4500</marc:leader>
   <marc:datafield ind1="1" ind2=" " tag="100">
      <marc:subfield code="a">Schellhammer, Silke</marc:subfield>
      <marc:subfield code="4">aut</marc:subfield>
      <marc:subfield code="e">Verfasser/-in</marc:subfield>
   </marc:datafield>
   <marc:datafield ind1=" " ind2=" " tag="653">
      <marc:subfield code="a">Schule</marc:subfield>
   </marc:datafield>
   <marc:datafield ind1=" " ind2=" " tag="653">
      <marc:subfield code="a">Tiere</marc:subfield>
   </marc:datafield>
   <marc:datafield ind1=" " ind2=" " tag="653">
      <marc:subfield code="a">Abenteuer</marc:subfield>
   </marc:datafield>
   <marc:datafield ind1=" " ind2=" " tag="653">
      <marc:subfield code="a">Magisch</marc:subfield>
   </marc:datafield>
   <marc:datafield ind1=" " ind2=" " tag="653">
      <marc:subfield code="a">Gestaltenwandler</marc:subfield>
   </marc:datafield>
   <marc:datafield ind1="0" ind2="0" tag="245">
      <marc:subfield code="a">School of talents - Siebte Stunde: Mutprobe</marc:subfield>
   </marc:datafield>
   <marc:datafield ind1="0" ind2="0" tag="245">
      <marc:subfield code="b">Über alle Grenzen</marc:subfield>
   </marc:datafield>
   <marc:datafield ind1="0" ind2="0" tag="245">
      <marc:subfield code="c">Silke Schellhammer</marc:subfield>
   </marc:datafield>
   <marc:datafield ind1="1" ind2=" " tag="520">
      <marc:subfield code="a">Band 7 der SPIEGEL-Bestseller-Reihe:&lt;br/&gt;&lt;br/&gt;Bühne frei für die School of Talents! Alva und ihre Freunde führen ein Theaterstück auf. In der ganzen Schule wird gebastelt, Text gelernt und geprobt. Und nicht nur auf der Bühne ist gerade Mut gefragt. Till hat nämlich ein neues Spiel erfunden und jeden Tag machen mehr Kinder mit. Sie stellen sich gegenseitig spannende Aufgaben, die ihre Talente fordern! Doch plötzlich gibt es Streit auf der Insel. Liegt das etwa an Tills Spiel oder will jemand die Theateraufführung verhindern?&lt;br/&gt;&lt;br/&gt; &lt;br/&gt;&lt;br/&gt;SCHOOL OF TALENTS&lt;br/&gt;&lt;br/&gt;Normaler Unterricht? Fehlanzeige!&lt;br/&gt;&lt;br/&gt;Chaos? An der Tagesordnung!&lt;br/&gt;&lt;br/&gt;Geheimnisse lüften und Abenteuer erleben? Aber unbedingt!&lt;br/&gt;&lt;br/&gt; &lt;br/&gt;&lt;br/&gt;Weitere Bände von „School of Talents“:&lt;br/&gt;&lt;br/&gt;Erste Stunde: Tierisch laut!&lt;br/&gt;&lt;br/&gt;Zweite Stunde: Stromausfall!&lt;br/&gt;&lt;br/&gt;Dritte Stunde: Monster in Sicht!&lt;br/&gt;&lt;br/&gt;Vierte Stunde: Schulfest im Schneckentempo!&lt;br/&gt;&lt;br/&gt;Fünfte Stunde: Klassen treffen!&lt;br/&gt;&lt;br/&gt;Sechste Stunde: Nebelalarm!&lt;br/&gt;Quelle: thalia.at&lt;br/&gt;</marc:subfield>
   </marc:datafield>
   <marc:datafield ind1=" " ind2=" " tag="020">
      <marc:subfield code="a">9783551654939</marc:subfield>
      <marc:subfield code="9">9783551654939</marc:subfield>
   </marc:datafield>
   <marc:datafield ind1=" " ind2=" " tag="041">
      <marc:subfield code="a">ger</marc:subfield>
   </marc:datafield>
   <marc:datafield ind1="1" ind2=" " tag="521">
      <marc:subfield code="a">0</marc:subfield>
   </marc:datafield>
</marc:record>
